| 000 -ლიდერი |
| ფიქსირებული სიგრძის საკონტროლო ველი |
01016nam a2200229Ia 4500 |
| 001 - საკონტროლო ნომერი |
| საკონტროლო ველი |
2131 |
| 003 - საკონტროლო ნომრის იდენტიფიკატორი |
| საკონტროლო ველი |
GE_BSU |
| 005 - ბოლო ოპერაციის თარიღი და დრო |
| საკონტროლო ველი |
20190514195328.0 |
| 008 - ფიქსირებული სიგრძის მონაცემთა ელემენტები - ზოგადი ინფორმაცია |
| ფიქსირებული სიგრძის საკონტროლო ველი |
181216s1973||||ge |||||||||||||| ||geo|| |
| 040 ## - კატალოგიზაციის წყარო |
| Transcribing agency |
GE_BSU |
| 041 ## - ენის კოდი |
| Language code of text/sound track or separate title |
geo |
| 080 ## - უნივერსალური ათობითი კლასიფიკაციის ინდექსი |
| Universal Decimal Classification number |
655.11(479.22) კ–33 |
| 100 ## - მთავარი ჩანაწერი - პიროვნების სახელი |
| Personal name |
კასრაძე, ოთარ |
| 9 (RLIN) |
1154 |
| 245 ## - ცნობა სათაურის შესახებ |
| Statement of responsibility, etc |
ოთარ კასრაძე. |
| Title |
ძველი ქართული ნაბეჭდი წიგნი / |
| 264 ## - წარმოების, გამოცემის, დისტრიბუციის და სხვა ცნობები |
| გამოცემის, წარმოების, დისტრიბუციის... ადგილი |
თბილისი : |
| გამოცემის, წარმოების, დისტრიბუციის... სახელწოდება |
საბჭ. საქართველო, |
| გამოცემის, წარმოების, დისტრიბუციის... თარიღი |
1973. |
| 300 ## - ფიზიკური აღწერა |
| Extent |
246 გვ. : |
| Other physical details |
ილ., |
| Dimensions |
21 სმ. |
| 504 ## - BIBLIOGRAPHY, ETC. NOTE |
| Bibliography, etc |
ძველ ქართულ სასტამბო ტერმინთა და ცნებათა განმარტება: გვ. 243-246. |
| 653 ## - INDEX TERM--UNCONTROLLED |
| Uncontrolled term |
ქართული ნაბეჭდი წიგნები |
| 653 ## - INDEX TERM--UNCONTROLLED |
| Uncontrolled term |
წიგნის ბეჭდვის ისტორია საქართველოში |
| 942 ## - ADDED ENTRY ELEMENTS (KOHA) |
| Koha item type |
წიგნი |
| Source of classification or shelving scheme |
|